000 00536 a2200181 4500
003 OSt
005 20250610115641.0
008 250531b |||||||| |||| 00| 0 eng d
020 _a9780199456550
040 _coclc
082 _a331.1
_bCHA/I
100 1 _aVenkata Ratnam, C. S.
_q(Chaganti Satya),
_d1950-
_910578
245 _aIndustrial Relations /
250 _a2nd edition
260 _aNew Delhi:
_bOxford University Press,
_c2017.
300 _a592 pages
942 _2ddc
_cBK
_h331.1
_iCHA/I
_k331.1
_mCHA/I
999 _c44518
_d44518